Normal view
MARC view
Entry Personal Name
001 - CONTROL NUMBER
- control field: 56871
003 - CONTROL NUMBER IDENTIFIER
- control field: dpl
005 - DATE AND TIME OF LATEST TRANSACTION
- control field: 20230918153911.0
008 - FIXED-LENGTH DATA ELEMENTS
- fixed length control field: 230918|| aca||aabn | a|a d
040 ## - CATALOGING SOURCE
- Original cataloging agency: dpl
- Transcribing agency: dpl
100 ## - HEADING--PERSONAL NAME
- Personal name: Vazirani, Umesh
670 ## - SOURCE DATA FOUND
- Source citation: Work cat.: (dpl)198312: Dasgupta,Sanjoy 56870, Algorithms/, 2023
